| 000 | 00835cam a2200229 a 4500 | ||
|---|---|---|---|
| 001 | AUC_OC_53285 | ||
| 003 | OSt | ||
| 005 | 20150408113948.0 | ||
| 008 | 090824s2009____le g 000 j ara c | ||
| 020 | _z995334065 | ||
| 040 |
_aMU _bARA _cMB |
||
| 082 | 0 |
_a813.081 _221 |
|
| 082 | 0 | 4 |
_a813.081 _221 |
| 100 | 1 |
_aجاد المولى، محمد أحمد _96210 |
|
| 245 | 1 | 0 |
_aقصص العرب / _cتأليف محمد أحمد جاد المولى، علي محمد البجاوي، محمد أبو الفضل إبراهيم. |
| 260 |
_aالقاهرة _bعيسى البابي الحلبي _c19-؟ |
||
| 300 |
_a4 مج. ؛ _c24 سم. |
||
| 650 | 7 |
_aالقصص التاريخية العربية _2aucsh _96211 |
|
| 700 | 1 | _aالبجاوي، علي محمد | |
| 700 | 1 | _aإبراهيم، محمد أبو الفضل | |
| 942 |
_2ddc _cBOOK |
||
| 999 |
_c18489 _d252989 |
||